| 000 | 01241 a2200229 4500 | ||
|---|---|---|---|
| 001 | 32013 | ||
| 005 | 20260407155621.0 | ||
| 008 | 260407a1999 arg spa d | ||
| 003 | AR-UNSa-BCEJYS | ||
| 040 |
_aAR-UNSa-BCEJYS _bspa _cAR-UNSa-BCEJYS |
||
| 080 |
_a316.42 _xCambio social en sociedades globales. Desarrollo social. Sociología del desarrollo (Desarrollo Humano) |
||
| 245 | 1 | 0 | _aInforme sobre desarrollo humano 1999 |
| 020 | _a84-7114-824-2 | ||
| 264 | 1 |
_aMadrid : _bEdiciones Mundi-Prensa _c1999 |
|
| 300 |
_a262 p. _c27 cm. |
||
| 505 | _a1. El desarrollo humano en esta era de mundialización - 2. Las nuevas tecnologías y la carrera mundial por el conocimiento - 3. El corazón invisible: el trabajo de atención y cuidado y la economía mundial - 4. Medidas nacionales para que la mundialización opere en favor del desarrollo humano - 5. Reinvención de la estructura de gobierno mundial: en aras de la humanidad y la equidad | ||
| 041 | _aspa | ||
| 942 | _cBK | ||
| 590 | _aniveau_biblio:m niveau_hierar:0 | ||
| 100 | 1 | _aPrograma de las Naciones Unidas para el Desarrollo (PNUD) | |
| 856 | 4 | 1 |
_uhttps://biblioeco.unsa.edu.ar/pmb/images/libros/iforme sobre desarrollo humano 1999-l125139.jpg _yImagen de portada _qimage/jpeg |
| 999 |
_c2231 _d2231 |
||